[Event "Gibraltar Challenger op-B"]
[Site "Caleta"]
[Date "2017.01.29"]
[Round "2"]
[White "Obiamiwe, Paul"]
[Black "Krokay, Urszula"]
[Result "0-1"]
[WhiteElo "1926"]
[BlackElo "2018"]
[PlyCount "66"]
[EventDate "2017.01.28"]
[EventType "swiss"]
[EventRounds "5"]
[EventCountry "GGB"]
[SourceTitle "EXT 2018"]
[Source "ChessBase"]
[SourceDate "2017.10.13"]
[SourceVersion "1"]
[SourceVersionDate "2017.10.13"]
[SourceQuality "1"]

1. Nf3 Nf6 2. c4 e6 3. g3 b6 4. Bg2 Bb7 5. 0-0 c5 6. Nc3 Be7 7. Re1 d5 8. cxd5 exd5 9. d4 0-0 10. b3 Ne4 11. Bb2 Bf6 12. e3 Nd7 13. Rc1 Re8 14. dxc5 Ndxc5 15. Nd4 Rc8 16. b4 Nd7 17. Ncb5 Rxc1 18. Qxc1 Ne5 19. Rd1 a6 20. Nc3 Qe7 21. Nxe4 dxe4 22. Nf5 Qxb4 23. Ba3 Qa4 24. Nd6 Rd8 25. Kh1 Nf3 26. Bxf3 exf3 27. Rd2 Bc6 28. Rc2 Bd5 29. Rc8 Qd7 30. Rxd8+ Bxd8 31. e4 Be6 32. e5 Qa4 33. Kg1 Bg5 0-1

[Event "Helsingor Xtracon op"]
[Site "Helsingor"]
[Date "2016.07.29"]
[Round "8"]
[White "Arbeus, Carl Johan"]
[Black "Krokay, Urszula"]
[Result "0-1"]
[WhiteElo "1784"]
[BlackElo "2003"]
[PlyCount "146"]
[EventDate "2016.07.23"]
[EventType "swiss"]
[EventRounds "10"]
[EventCountry "DEN"]
[SourceTitle "CBM 173 Extra"]
[Source "ChessBase"]
[SourceDate "2016.08.29"]
[SourceVersion "1"]
[SourceVersionDate "2016.08.29"]
[SourceQuality "1"]

1. c4 Nf6 2. Nc3 e5 3. g3 d5 4. cxd5 Nxd5 5. Bg2 Ne7 6. Nf3 Nbc6 7. 0-0 g6 8. d3 Bg7 9. Be3 0-0 10. Rc1 Nd4 11. Bxd4 exd4 12. Nb5 c6 13. Na3 Be6 14. b3 Nd5 15. Qd2 Re8 16. Nc4 Bg4 17. h3 Bxf3 18. Bxf3 Qd7 19. Bg2 Qe6 20. Rfe1 Rad8 21. e4 dxe3 22. Nxe3 Bh6 23. Bxd5 cxd5 24. Qa5 Kg7 25. Ng4 Qf5 26. Nxh6 Kxh6 27. Qd2+ Kg7 28. Kh2 d4 29. Rxe8 Rxe8 30. Rc4 Qd5 31. Qf4 Rd8 32. a4 a6 33. b4 Rd6 34. h4 b6 35. a5 b5 36. Rc5 Qe6 37. Re5 Qd7 38. Qe4 Rf6 39. Kg2 Qd6 40. Rc5 Re6 41. Qb7 Re1 42. Qd5 Re6 43. Qxd6 Rxd6 44. g4 Kf6 45. Kf3 Ke7 46. Ke4 Rf6 47. f4 Rd6 48. Rd5 Rc6 49. Kxd4 Rc1 50. Rc5 Rf1 51. Ke3 Kd6 52. h5 Rb1 53. hxg6 hxg6 54. Rc8 Rxb4 55. Ra8 g5 56. Rxa6+ Kc5 57. fxg5 Rxg4 58. Rf6 Rxg5 59. Rxf7 Rg6 60. Rf1 Ra6 61. d4+ Kb4 62. Ra1 Kc3 63. d5 b4 64. d6 Rxd6 65. a6 Re6+ 66. Kf4 Re8 67. a7 Ra8 68. Ra6 b3 69. Rc6+ Kb4 70. Rb6+ Kc4 71. Rb7 Kc3 72. Rc7+ Kb2 73. Ke5 Ka2 0-1

[Event "Helsingor Xtracon op"]
[Site "Helsingor"]
[Date "2016.07.26"]
[Round "5"]
[White "Kalveus, Jan"]
[Black "Krokay, Urszula"]
[Result "0-1"]
[WhiteElo "1773"]
[BlackElo "2003"]
[PlyCount "128"]
[EventDate "2016.07.23"]
[EventType "swiss"]
[EventRounds "10"]
[EventCountry "DEN"]
[SourceTitle "CBM 173 Extra"]
[Source "ChessBase"]
[SourceDate "2016.08.29"]
[SourceVersion "1"]
[SourceVersionDate "2016.08.29"]
[SourceQuality "1"]

1. d4 Nf6 2. Bg5 d5 3. Nf3 Ne4 4. Bf4 Nd7 5. e3 e6 6. Bd3 Ndf6 7. 0-0 Be7 8. Ne5 0-0 9. f3 Nd6 10. g4 Nd7 11. c3 f6 12. Nxd7 Bxd7 13. Qc2 f5 14. Nd2 Bg5 15. Kh1 Bxf4 16. exf4 Qh4 17. Rg1 b6 18. Rg3 c5 19. Rf1 Rf7 20. Qc1 cxd4 21. cxd4 Rc8 22. Qe1 Qf6 23. Qe3 Nc4 24. Nxc4 dxc4 25. Bc2 fxg4 26. Rxg4 Bc6 27. Be4 Bd5 28. Rg3 Rd8 29. Bc2 Bb7 30. Be4 Bxe4 31. fxe4 Qxd4 32. Qxd4 Rxd4 33. Re3 Rd2 34. b3 Rxa2 35. bxc4 Rd7 36. Rg1 Rdd2 37. Rh3 Rf2 38. Rh4 Rac2 39. f5 exf5 40. exf5 Rxf5 41. Rhg4 g6 42. Rd1 a5 43. Rb1 Rff2 44. h4 Rb2 45. Rd1 Rh2+ 46. Kg1 Rhd2 47. Re1 Re2 48. Rd1 Rbd2 49. Rf1 a4 50. h5 Kg7 51. Ra1 a3 52. hxg6 hxg6 53. c5 bxc5 54. Rc4 a2 55. Rxc5 Rb2 56. Rcc1 Kh6 57. Rd1 g5 58. Rac1 Kh5 59. Ra1 g4 60. Rac1 Kh4 61. Ra1 Kh3 62. Rac1 Rg2+ 63. Kf1 Rbf2+ 64. Ke1 g3 0-1

[Event "Helsingor Xtracon op"]
[Site "Helsingor"]
[Date "2016.07.23"]
[Round "1"]
[White "Edwardsson, Hannu Kalervo"]
[Black "Krokay, Urszula"]
[Result "0-1"]
[WhiteElo "1451"]
[BlackElo "2003"]
[PlyCount "110"]
[EventDate "2016.07.23"]
[EventType "swiss"]
[EventRounds "10"]
[EventCountry "DEN"]
[SourceTitle "CBM 173 Extra"]
[Source "ChessBase"]
[SourceDate "2016.08.29"]
[SourceVersion "1"]
[SourceVersionDate "2016.08.29"]
[SourceQuality "1"]

1. e4 e5 2. Nf3 Nc6 3. Be2 Nf6 4. d3 Bc5 5. 0-0 d5 6. exd5 Nxd5 7. c4 Nf6 8. h3 h6 9. Be3 Qe7 10. Nc3 0-0 11. Ne4 Nxe4 12. dxe4 Bxe3 13. fxe3 b6 14. Kh2 Bb7 15. a3 a5 16. Qc2 Qc5 17. Qc3 Rad8 18. Rfd1 f6 19. Rxd8 Rxd8 20. Rd1 Rxd1 21. Bxd1 Qd6 22. Qd2 Qxd2 23. Nxd2 Kf7 24. Kg1 Ke7 25. Kf2 Kd6 26. Ke2 Kc5 27. Kd3 Nd8 28. Nb3+ Kc6 29. Bf3 Ba6 30. Nd2 Kc5 31. Nb3+ Kd6 32. Nd2 Ne6 33. Nb3 Bb7 34. h4 a4 35. Nd2 Bc6 36. Kc3 Nc5 37. Kc2 Ke7 38. Kc3 g6 39. Kc2 Ke6 40. Kc3 Kd6 41. Kc2 Nb7 42. Kc3 Kc5 43. b4+ axb3 44. Kxb3 Na5+ 45. Kc3 Bd7 46. Be2 Be6 47. Bd3 Bg4 48. g3 Bd1 49. Bb1 Kd6 50. Bd3 Nc6 51. Bf1 Na5 52. Kb4 Nb7 53. Bh3 Nc5 54. Bf1 h5 55. Be2 Bxe2 0-1

[Event "London Classic op 7th"]
[Site "London"]
[Date "2015.12.09"]
[Round "7"]
[White "Krokay, Urszula"]
[Black "Cordes, Hans Joerg"]
[Result "0-1"]
[WhiteElo "2009"]
[BlackElo "2250"]
[PlyCount "47"]
[EventDate "2015.12.04"]
[EventType "swiss"]
[EventRounds "9"]
[EventCountry "ENG"]
[SourceTitle "CBM 169 Extra"]
[Source "ChessBase"]
[SourceDate "2015.12.18"]
[SourceVersion "1"]
[SourceVersionDate "2015.12.18"]
[SourceQuality "1"]

1. e4 e6 2. d4 d5 3. Nd2 Be7 4. Ngf3 Nf6 5. e5 Nfd7 6. Bd3 c5 7. c3 Nc6 8. 0-0 g5 9. dxc5 Nxc5 10. Bb5 Nd7 11. Qe2 Qc7 12. Re1 a6 13. Bxc6 bxc6 14. Nf1 h6 15. h3 a5 16. b3 Ba6 17. Qc2 c5 18. c4 d4 19. Bb2 Bb7 20. N1d2 h5 21. g4 hxg4 22. hxg4 Nxe5 23. Rxe5 Qxe5 24. Re1 0-1

[Event "POL-chT3 Dolnoslaskie 1415"]
[Site "Poland"]
[Date "2015.01.11"]
[Round "5.27"]
[White "Krokay, Urszula"]
[Black "Laszczowski, Adam"]
[Result "1/2-1/2"]
[WhiteElo "1970"]
[BlackElo "1673"]
[PlyCount "129"]
[EventDate "2014.10.26"]
[EventType "team-tourn"]
[EventRounds "11"]
[EventCountry "POL"]
[SourceTitle "EXT 2018"]
[Source "ChessBase"]
[SourceDate "2017.10.13"]
[SourceVersion "1"]
[SourceVersionDate "2017.10.13"]
[SourceQuality "1"]
[WhiteTeam "Wisznia Mala OKSiR"]
[BlackTeam "Wroclaw MUKS MDK Fabryczna"]
[WhiteTeamCountry "POL"]
[BlackTeamCountry "POL"]

1. e4 c5 2. Nf3 Nc6 3. Bb5 g6 4. 0-0 Bg7 5. Re1 d6 6. h3 Bd7 7. c3 Qb6 8. Bf1 Nf6 9. Na3 0-0 10. Nc4 Qc7 11. a4 a6 12. a5 Be6 13. Qa4 Nd7 14. Ng5 Bxc4 15. Bxc4 b5 16. axb6 Nxb6 17. Qa2 Nxc4 18. Qxc4 a5 19. Nf3 Qb6 20. Ra4 Rfc8 21. d3 Ne5 22. Nxe5 Bxe5 23. f4 Bg7 24. e5 dxe5 25. fxe5 e6 26. Re2 Qc6 27. Qf4 Rd8 28. Rf2 Ra7 29. Rf3 Qb5 30. Rc4 Rd5 31. Re4 Rxd3 32. Rf2 Rd8 33. Kh2 Qb8 34. g3 Rad7 35. Be3 Qc7 36. Re2 Rd5 37. Bc1 Rd1 38. Be3 R8d5 39. Bf2 Qc6 40. Be1 Qd7 41. Rf2 Qc7 42. Rfe2 Qb7 43. c4 R5d4 44. Bxa5 Bh6 45. Qf3 Rf1 46. Qg2 Rfd1 47. Bc3 Rxe4 48. Rxe4 Qd7 49. Re2 Qd3 50. Re4 Be3 51. h4 Rg1 52. Qf3 Qc2+ 53. Kh3 Bh6 54. Re2 Qd1 55. Rf2 Qxf3 56. Rxf3 Rd1 57. Kg2 Kf8 58. g4 Ke7 59. g5 Bg7 60. Rf4 Rc1 61. Rf2 Rd1 62. Re2 Rd3 63. Rf2 Re3 64. Bd2 Rxe5 65. Rf4 1/2-1/2

[Event "Krakow op-B 25th"]
[Site "Krakow"]
[Date "2015.01.02"]
[Round "7"]
[White "Pultorak, Jan"]
[Black "Krokay, Urszula"]
[Result "1-0"]
[WhiteElo "2053"]
[BlackElo "2003"]
[PlyCount "71"]
[EventDate "2014.12.27"]
[EventType "swiss"]
[EventRounds "9"]
[EventCountry "POL"]
[SourceTitle "CBM 164 Extra"]
[Source "ChessBase"]
[SourceDate "2015.03.02"]
[SourceVersion "1"]
[SourceVersionDate "2015.03.02"]
[SourceQuality "1"]

1. d4 Nf6 2. c4 e6 3. Nc3 Bb4 4. Qc2 0-0 5. a3 Bxc3+ 6. Qxc3 c5 7. dxc5 Ne4 8. Qc2 f5 9. b4 a5 10. Rb1 axb4 11. axb4 Nc6 12. e3 Ne5 13. Bb2 Nc6 14. Bc3 Ra2 15. Qxa2 Nxc3 16. Qb2 Nxb1 17. Qxb1 Qf6 18. Ne2 b6 19. cxb6 Bb7 20. f4 Ra8 21. Kf2 Ra1 22. Qb3 Ne7 23. Qc3 Qh4+ 24. g3 Qh5 25. Qxa1 Qf3+ 26. Ke1 Qxh1 27. Qd4 Bg2 28. Qxd7 Kf7 29. Kd2 Bc6 30. Qc7 Qe4 31. Nd4 Bb7 32. Be2 Qg2 33. b5 Be4 34. Nc6 Bf3 35. Qxe7+ Kg6 36. Ne5+ 1-0

[Event "Krakow op-B 25th"]
[Site "Krakow"]
[Date "2014.12.31"]
[Round "6"]
[White "Krokay, Urszula"]
[Black "Adamowicz, Maciej"]
[Result "1/2-1/2"]
[WhiteElo "2003"]
[BlackElo "2072"]
[PlyCount "35"]
[EventDate "2014.12.27"]
[EventType "swiss"]
[EventRounds "9"]
[EventCountry "POL"]
[SourceTitle "CBM 164 Extra"]
[Source "ChessBase"]
[SourceDate "2015.03.02"]
[SourceVersion "1"]
[SourceVersionDate "2015.03.02"]
[SourceQuality "1"]

1. Nf3 c5 2. c4 g6 3. Nc3 Bg7 4. g3 Nc6 5. Bg2 e5 6. d3 Nge7 7. 0-0 0-0 8. a3 a5 9. Ng5 h6 10. Nge4 d6 11. Nb5 Nf5 12. e3 Be6 13. Rb1 Qe7 14. Nec3 Qd7 15. Re1 Rac8 16. Bd2 Nfe7 17. Ne4 Nf5 18. Nec3 1/2-1/2

[Event "POL-chT3 Dolnoslaskie 1415"]
[Site "Poland"]
[Date "2014.10.26"]
[Round "1.18"]
[White "Tyszecki, Pawel"]
[Black "Krokay, Urszula"]
[Result "1/2-1/2"]
[WhiteElo "2085"]
[BlackElo "1970"]
[PlyCount "26"]
[EventDate "2014.10.26"]
[EventType "team-tourn"]
[EventRounds "11"]
[EventCountry "POL"]
[SourceTitle "EXT 2018"]
[Source "ChessBase"]
[SourceDate "2017.10.13"]
[SourceVersion "1"]
[SourceVersionDate "2017.10.13"]
[SourceQuality "1"]
[WhiteTeam "Olawa MGLKS Parnas"]
[BlackTeam "Wisznia Mala OKSiR"]
[WhiteTeamCountry "POL"]
[BlackTeamCountry "POL"]

1. e4 e5 2. Nf3 Nc6 3. d4 exd4 4. c3 d5 5. exd5 Qxd5 6. cxd4 Nf6 7. Nc3 Bb4 8. Bd2 Bxc3 9. bxc3 0-0 10. Be2 Ne4 11. 0-0 Bg4 12. h3 Bf5 13. Qa4 Bd7 1/2-1/2

[Event "Wroclaw op 9th"]
[Site "Wroclaw"]
[Date "2014.07.03"]
[Round "7"]
[White "Khamidov, Komil"]
[Black "Krokay, Urszula"]
[Result "1/2-1/2"]
[WhiteElo "2098"]
[BlackElo "1961"]
[PlyCount "22"]
[EventDate "2014.06.29"]
[EventType "swiss"]
[EventRounds "9"]
[EventCountry "POL"]
[SourceTitle "EXT 2015"]
[Source "ChessBase"]
[SourceDate "2014.11.20"]
[SourceVersion "1"]
[SourceVersionDate "2014.11.20"]
[SourceQuality "1"]

1. e4 e5 2. Nf3 Nc6 3. Bc4 Bc5 4. b4 Bxb4 5. c3 Be7 6. d4 Na5 7. Nxe5 Nxc4 8. Nxc4 d5 9. exd5 Qxd5 10. Ne3 Qa5 11. 0-0 Nf6 1/2-1/2

[Event "Wroclaw op 9th"]
[Site "Wroclaw"]
[Date "2014.06.29"]
[Round "2"]
[White "Grossmann, Ryszard"]
[Black "Krokay, Urszula"]
[Result "1-0"]
[WhiteElo "2150"]
[BlackElo "1961"]
[PlyCount "51"]
[EventDate "2014.06.29"]
[EventType "swiss"]
[EventRounds "9"]
[EventCountry "POL"]
[SourceTitle "EXT 2015"]
[Source "ChessBase"]
[SourceDate "2014.11.20"]
[SourceVersion "1"]
[SourceVersionDate "2014.11.20"]
[SourceQuality "1"]

1. d4 Nf6 2. Nf3 e6 3. g3 b6 4. Bg2 Bb7 5. 0-0 d5 6. c4 c6 7. Nc3 Be7 8. Bf4 a6 9. Qb3 0-0 10. Rfd1 Nbd7 11. Rac1 Nh5 12. Bd2 f5 13. cxd5 cxd5 14. Na4 b5 15. Nc5 Nxc5 16. dxc5 Rc8 17. Qe3 Rf6 18. b4 Kh8 19. Bc3 Rh6 20. Qxh6 Kg8 21. Qe3 Kh8 22. Qh6 Nf6 23. Qd2 Nh5 24. Qh6 Nf6 25. Qh3 Qe8 26. Ng5 1-0

[Event "Gibraltar Masters 12th"]
[Site "Caleta"]
[Date "2014.02.06"]
[Round "10"]
[White "Krokay, Urszula"]
[Black "Heer, Stephan"]
[Result "0-1"]
[WhiteElo "1926"]
[BlackElo "2106"]
[PlyCount "50"]
[EventDate "2014.01.28"]
[EventType "swiss"]
[EventRounds "10"]
[EventCountry "GGB"]
[SourceTitle "CBM 159"]
[Source "ChessBase"]
[SourceDate "2014.03.17"]
[SourceVersion "1"]
[SourceVersionDate "2014.03.17"]
[SourceQuality "1"]

1. e4 g6 2. d4 Bg7 3. Nc3 d6 4. Be3 Nd7 5. Qd2 a6 6. a4 b6 7. f4 Bb7 8. Bd3 c5 9. Nf3 Ngf6 10. h3 cxd4 11. Bxd4 e5 12. fxe5 dxe5 13. Nxe5 Nxe5 14. Bxe5 Qe7 15. Bxf6 Bxf6 16. 0-0 0-0 17. Rae1 Bd4+ 18. Kh1 Qb4 19. e5 Qxb2 20. Bxg6 Qxc3 21. Bxh7+ Kxh7 22. Qd3+ Qxd3 23. cxd3 Rae8 24. Rf5 Kg6 25. Rf6+ Kg7 0-1

[Event "Gibraltar Challengers-B 12th"]
[Site "Caleta"]
[Date "2014.02.05"]
[Round "5"]
[White "Kozarcanin, Sead"]
[Black "Krokay, Urszula"]
[Result "0-1"]
[WhiteElo "2073"]
[BlackElo "1926"]
[PlyCount "44"]
[EventDate "2014.02.01"]
[EventType "swiss"]
[EventRounds "5"]
[EventCountry "GGB"]
[SourceTitle "CBM 158 Extra"]
[Source "ChessBase"]
[SourceDate "2014.02.28"]
[SourceVersion "1"]
[SourceVersionDate "2014.02.28"]
[SourceQuality "1"]

1. e4 e5 2. Nc3 Nf6 3. g3 d5 4. exd5 Nxd5 5. Bg2 Nxc3 6. bxc3 Nc6 7. Rb1 Be6 8. Rxb7 Bd5 9. Bxd5 Qxd5 10. Qf3 e4 11. c4 Qe6 12. Qc3 Bc5 13. Rb5 Bd4 14. Qb3 0-0 15. Ne2 Qg4 16. h3 Qe6 17. Nf4 Qf6 18. 0-0 a6 19. Rd5 Ne5 20. Kg2 Rab8 21. Qa4 Ba7 22. Ba3 g5 0-1

[Event "Gibraltar Challengers-B 12th"]
[Site "Caleta"]
[Date "2014.02.02"]
[Round "2"]
[White "Becham, Khalid"]
[Black "Krokay, Urszula"]
[Result "1-0"]
[WhiteElo "2122"]
[BlackElo "1926"]
[PlyCount "75"]
[EventDate "2014.02.01"]
[EventType "swiss"]
[EventRounds "5"]
[EventCountry "GGB"]
[SourceTitle "CBM 158 Extra"]
[Source "ChessBase"]
[SourceDate "2014.02.28"]
[SourceVersion "1"]
[SourceVersionDate "2014.02.28"]
[SourceQuality "1"]

1. e4 e5 2. Nf3 Nc6 3. d4 exd4 4. Nxd4 Nf6 5. Nxc6 bxc6 6. e5 Qe7 7. Qe2 Nd5 8. c4 Ba6 9. b3 g6 10. f4 Bg7 11. Qf2 Nb6 12. c5 Bxf1 13. cxb6 Ba6 14. bxc7 0-0 15. Ba3 Qe6 16. Kd1 Rfe8 17. Re1 f6 18. Bd6 fxe5 19. fxe5 Qg4+ 20. Kc2 Re6 21. Nc3 Rxd6 22. exd6 Rf8 23. Qd2 Bd4 24. Re4 Qxe4+ 25. Nxe4 Bxa1 26. Qa5 Bc8 27. Qxa7 Re8 28. Kd3 Kf7 29. a4 Ke6 30. b4 Kf5 31. Qc5+ Re5 32. Qf2+ Ke6 33. Qf6+ Kd5 34. Qf7+ Re6 35. b5 cxb5 36. axb5 Be5 37. Qg8 Bxd6 38. Nxd6 1-0

[Event "Gibraltar Masters 12th"]
[Site "Caleta"]
[Date "2014.02.01"]
[Round "5"]
[White "Berry, Neil"]
[Black "Krokay, Urszula"]
[Result "1-0"]
[WhiteElo "2227"]
[BlackElo "1926"]
[PlyCount "85"]
[EventDate "2014.01.28"]
[EventType "swiss"]
[EventRounds "10"]
[EventCountry "GGB"]
[SourceTitle "CBM 159"]
[Source "ChessBase"]
[SourceDate "2014.03.17"]
[SourceVersion "1"]
[SourceVersionDate "2014.03.17"]
[SourceQuality "1"]

1. d4 Nf6 2. c4 e6 3. Nc3 Bb4 4. f3 d5 5. a3 Bxc3+ 6. bxc3 h6 7. cxd5 exd5 8. e3 Bf5 9. Ne2 0-0 10. g4 Nxg4 11. fxg4 Qh4+ 12. Kd2 Bxg4 13. Qe1 Qe7 14. Rg1 Bf5 15. Qg3 g6 16. Nf4 c6 17. a4 Nd7 18. Ba3 c5 19. Bd3 Bxd3 20. Nxd3 Nf6 21. Nxc5 b6 22. Qe5 Qxe5 23. dxe5 bxc5 24. exf6 Rfc8 25. Rab1 Rc6 26. Rb5 Rxf6 27. Bxc5 Rf2+ 28. Kd3 Rxh2 29. Rgb1 Ra2 30. Rb8+ Rxb8 31. Rxb8+ Kh7 32. Rb7 Rf2 33. Rxa7 g5 34. a5 g4 35. Bd6 h5 36. a6 Kg6 37. Bg3 Ra2 38. Ra8 Kf5 39. a7 f6 40. Kd4 Ra5 41. Bh4 Ra4+ 42. Kxd5 Ra6 43. c4 1-0

[Event "Wroclaw Anderssen Memorial op 22nd"]
[Site "Wroclaw"]
[Date "2013.06.29"]
[Round "9"]
[White "Czachor, Radoslaw"]
[Black "Krokay, Urszula"]
[Result "1-0"]
[WhiteElo "1989"]
[BlackElo "1876"]
[PlyCount "61"]
[EventDate "2013.06.29"]
[EventType "swiss (rapid)"]
[EventRounds "9"]
[EventCountry "POL"]
[SourceTitle "CBM 155 Extra"]
[Source "ChessBase"]
[SourceDate "2013.08.26"]
[SourceVersion "1"]
[SourceVersionDate "2013.08.26"]
[SourceQuality "1"]

1. e4 e5 2. Nf3 Nc6 3. d4 exd4 4. Nxd4 Nf6 5. Nxc6 bxc6 6. e5 Qe7 7. Qe2 Nd5 8. c4 Ba6 9. g3 0-0-0 10. b3 Re8 11. Bb2 f6 12. Bg2 fxe5 13. 0-0 e4 14. Re1 Nb4 15. Nc3 Nd3 16. Nxe4 Nxe1 17. Qxe1 Bb7 18. Qa5 Qb4 19. Qxa7 c5 20. Nc3 Bxg2 21. Kxg2 Qb7+ 22. Qxb7+ Kxb7 23. Rd1 d6 24. f3 h5 25. Ne4 h4 26. g4 Rh6 27. Rd5 Rg6 28. Rh5 Be7 29. Rh7 Bf6 30. Bxf6 gxf6 31. Nxd6+ 1-0

[Event "Wroclaw Anderssen Memorial op 22nd"]
[Site "Wroclaw"]
[Date "2013.06.29"]
[Round "1"]
[White "Jaracz, Barbara"]
[Black "Krokay, Urszula"]
[Result "1-0"]
[WhiteElo "2270"]
[BlackElo "1876"]
[PlyCount "58"]
[EventDate "2013.06.29"]
[EventType "swiss (rapid)"]
[EventRounds "9"]
[EventCountry "POL"]
[SourceTitle "CBM 155 Extra"]
[Source "ChessBase"]
[SourceDate "2013.08.26"]
[SourceVersion "1"]
[SourceVersionDate "2013.08.26"]
[SourceQuality "1"]

1. e4 e5 2. Nf3 Nc6 3. Bb5 a6 4. Ba4 Nf6 5. d3 b5 6. Bb3 Bc5 7. c3 h6 8. 0-0 d6 9. Nbd2 0-0 10. h3 Be6 11. Bc2 Ne8 12. Re1 f5 13. exf5 Bxf5 14. Ne4 Ba7 15. Ng3 Bd7 16. Be3 Qf6 17. Bxa7 Rxa7 18. Re3 Ne7 19. d4 Bc6 20. dxe5 dxe5 21. Qd3 g6 22. Rf1 Nd6 23. Nxe5 Be8 24. Ng4 Qg7 25. Nxh6+ Qxh6 26. Rxe7 Qf4 27. Qe2 b4 28. Bb3+ Bf7 29. Bxf7+ Rxf7 1-0

[Event "Wroclaw Anderssen Memorial op 22nd"]
[Site "Wroclaw"]
[Date "2013.06.29"]
[Round "8"]
[White "Krokay, Urszula"]
[Black "Urban, Marek"]
[Result "1-0"]
[WhiteElo "1876"]
[BlackElo "1842"]
[PlyCount "59"]
[EventDate "2013.06.29"]
[EventType "swiss (rapid)"]
[EventRounds "9"]
[EventCountry "POL"]
[SourceTitle "CBM 155 Extra"]
[Source "ChessBase"]
[SourceDate "2013.08.26"]
[SourceVersion "1"]
[SourceVersionDate "2013.08.26"]
[SourceQuality "1"]

1. e4 c5 2. Nf3 Nc6 3. Bb5 Qc7 4. 0-0 Ne5 5. c3 a6 6. Ba4 Ng6 7. d4 e5 8. dxe5 b5 9. Bc2 Nxe5 10. Bf4 Nxf3+ 11. Qxf3 Qc6 12. Qe2 Bb7 13. f3 Ne7 14. a4 Ng6 15. Bg3 Be7 16. f4 c4 17. f5 Bc5+ 18. Kh1 Nf8 19. e5 h5 20. Bh4 Qb6 21. a5 Qc6 22. Nd2 Be7 23. f6 Ng6 24. Bxg6 fxg6 25. fxe7 Qe6 26. Qf2 d5 27. exd6 Kd7 28. Nf3 Qf5 29. Bg3 g5 30. Ne5+ 1-0

[Event "POL-ch Amateur"]
[Site "Wroclaw"]
[Date "2013.??.??"]
[Round "3"]
[White "Krokay, Urszula"]
[Black "Niedbal, Piotr"]
[Result "1-0"]
[WhiteElo "1876"]
[BlackElo "1724"]
[PlyCount "119"]
[EventDate "2013.06.??"]
[EventType "swiss"]
[EventRounds "9"]
[EventCountry "POL"]
[SourceTitle "EXT 2014"]
[Source "ChessBase"]
[SourceDate "2013.11.20"]
[SourceVersion "1"]
[SourceVersionDate "2013.11.20"]
[SourceQuality "1"]

1. e4 c5 2. Nf3 Nc6 3. Bb5 a6 4. Bxc6 bxc6 5. b3 d6 6. h3 Nf6 7. d3 g6 8. Bb2 e5 9. Nbd2 Bg7 10. Nc4 0-0 11. Bc3 Be6 12. Ba5 Qe7 13. Qe2 Nh5 14. g3 f5 15. exf5 Rxf5 16. Ne3 Rxf3 17. Qxf3 e4 18. dxe4 Bxa1 19. c3 d5 20. 0-0 Bxc3 21. Bxc3 d4 22. Nf5 Bxf5 23. exf5 dxc3 24. fxg6 hxg6 25. Qxc6 Re8 26. Qxg6+ Ng7 27. Qxa6 Qe2 28. Qxe2 Rxe2 29. Rc1 Rxa2 30. Rxc3 Ne6 31. Kg2 Kf7 32. Re3 Ra3 33. g4 Nd4 34. Rc3 Nxb3 35. f3 Ke6 36. h4 Kd5 37. Rd3+ Ke5 38. h5 c4 39. Rd8 Ra6 40. g5 Ra7 41. g6 Rg7 42. Kf2 c3 43. Rc8 Kd4 44. f4 Nc5 45. Ke2 Re7+ 46. Kd1 Kd3 47. Rxc5 Ra7 48. Rd5+ Ke4 49. Rd8 Kf5 50. Kc2 Rc7 51. Rf8+ Ke6 52. h6 Ra7 53. h7 Ra2+ 54. Kxc3 Rh2 55. h8Q Rxh8 56. Rxh8 Kf6 57. f5 Kg7 58. Rh7+ Kg8 59. f6 Kf8 60. Rh8# 1-0